00763nam a22002057a 450000500170000001000130001702000100003003500130004003700170005304000120007008200160008210000170009824502210011526000530033627000900038930000200047965000150049965000210051470000220053520170124110032.0 aA-895112 c00.00 aA-895112 bCen Lib/ Ret aDPLbEN a379.54bCHA aChaube, S.P. aLandmarks in modern Indian education :cby S.P. Chaube [and] Akhilesh Chaube ba critical treatments of notable events towards the development of modern education in India from 1831 to the close of the 20 century /  aNew Delhib Himalaya Publishing House c1997 bNew DelhiaPooja Appartments, 4-B, Muarari Lal Street, Ansari Road, Daryaganje110002 a247p.c22cm(Hb) aEducation  aModern Education aChaube, Akhilesh